| 000 | 00343nam a22001457a 4500 | ||
|---|---|---|---|
| 003 | OSt | ||
| 005 | 20160727222410.0 | ||
| 008 | 160624b xxu||||| |||| 00| 0 eng d | ||
| 040 | _cTest | ||
| 100 |
_9976 _aByrum, I.C |
||
| 245 | _aHarry the Newsboy | ||
| 260 |
_aIndiana _b The Warner Press _c1926 |
||
| 300 | _aHarry the Newsboy | ||
| 942 |
_2ddc _cBK |
||
| 999 |
_c777 _d777 |
||